[Event "7th Young Masters"]
[Site "Loures POR"]
[Date "1999.11.23"]
[Round "1"]
[White "Blalock,R"]
[Black "Conceicoa,P"]
[Result "1-0"]
[WhiteElo "2150"]
[BlackElo "2058"]

1.e4 d6 2.d4 Nf6 3.Nc3 c6 4.h3 e5 5.Nf3 Qc7 6.a4 a5 7.Bc4 Be7 8.O-O O-O 9.Re1 Be6
10.Bxe6 fxe6 11.Ng5 Qc8 12.d5 exd5 13.exd5 Qf5 14.Rf1 Na6 15.f4 exf4 16.Ne6 Nxd5
17.Nxf8 Nxc3 18.bxc3 Rxf8 19.Rxf4 Qc5+ 20.Qd4 Bf6 21.Qxc5 Nxc5 22.Bd2 Re8
23.Rb1 Ne4 24.Be1 Re7 25.c4 Bd4+ 26.Kh1 b6 27.Bh4 g5 28.Bxg5 Nxg5 29.Rxd4 Ne4
30.Rxb6 Ng3+ 31.Kh2 Nf1+ 32.Kg1 Ng3 33.Rg4+  1-0

[Event "Eu Team Ch (women)"]
[Site "Batumi GEO"]
[Date "1999.11.30"]
[Round "2"]
[White "Cosma,E"]
[Black "Titova Boric,E"]
[Result "1-0"]
[WhiteElo "2388"]
[BlackElo "2201"]

1.d4 d6 2.e4 Nf6 3.Nc3 c6 4.f4 Qa5 5.Bd3 e5 6.Nf3 Nbd7 7.Be3 Be7 8.Qd2 O-O
9.O-O-O b5 10.Kb1 b4 11.Ne2 c5 12.dxe5 dxe5 13.Nc1 Rd8 14.fxe5 Ng4 15.Bf4 c4
16.Bxc4 Ndxe5 17.Bd5 Nxf3 18.gxf3 Nf6 19.Nb3 Qa4 20.Bxa8 Rxd2 21.Rxd2 h6
22.Rhd1 Be6 23.Bd5 Bh3 24.Nd4 Bf8 25.Bb3 Qe8 26.Bg3 a5 27.e5 Nh5 28.e6 fxe6
29.Nxe6 Bxe6 30.Re1 Qb5 31.Bxe6+ Kh8 32.Rd5 Qe8 33.Bg4 Qf7 34.Rxh5 a4 35.Rf5  1-0

[Event "Eu Team Ch"]
[Site "Batumi GEO"]
[Date "1999.12.01"]
[Round "3"]
[White "Onischuk,Al"]
[Black "Bauer,Ch"]
[Result "1-0"]
[WhiteElo "2657"]
[BlackElo "2480"]

1.e4 d6 2.d4 Nf6 3.Nc3 Nbd7 4.Nf3 e5 5.Bc4 Be7 6.O-O O-O 7.Re1 c6 8.a4 b6
9.Bg5 a6 10.Bxf6 Bxf6 11.d5 c5 12.Bf1 Bg5 13.g3 g6 14.Bh3 Bh6 15.Qe2 Ra7
16.Kh1 Kh8 17.Rg1 Nf6 18.Bxc8 Qxc8 19.Nd2 Bxd2 20.Qxd2 Qg4 21.Qd3 Nh5 22.f3 Qc8
23.f4 f6 24.f5 Ng7 25.g4 Kg8 26.h4 c4 27.Qe3 Qc5 28.Nd1 Ne8 29.Qd2 Rg7 30.Ne3 g5
31.Kg2 gxh4 32.Kf3 Nc7 33.Rh1 b5 34.Rxh4 Rb8 35.c3 b4 36.Qe2 bxc3 37.bxc3 Rb3
38.Rc1 Qa3 39.Qxc4 Ne8 40.Ra1 Qb2 41.Rhh1 Rxc3 42.Ra2 Rxc4 43.Rxb2 Rxa4 44.Rb8 Kf8
45.Rc1 Ra3 46.Rcc8 Re7 47.g5 Kf7 48.g6+ hxg6 49.fxg6+ Kxg6 50.Rxe8 Rh7 51.Rg8+ Kf7
52.Rgf8+ Kg6 53.Rh8 Rc7 54.Rbg8+ Kf7 55.Rb8 Ra4  1-0

[Event "Eu Team Ch (women)"]
[Site "Batumi GEO"]
[Date "1999.12.01"]
[Round "3"]
[White "Calzetta,M"]
[Black "Borsuk,A"]
[Result "1/2-1/2"]
[WhiteElo "2194"]
[BlackElo "2288"]

1.e4 d6 2.d4 Nf6 3.Nc3 c6 4.f4 Qa5 5.Bd3 e5 6.Nf3 Nbd7 7.O-O Be7 8.Kh1 Qc7
9.a4 exd4 10.Nxd4 Nc5 11.e5 dxe5 12.fxe5 Qxe5 13.Bf5 Ne6 14.Bxe6 fxe6 15.Bf4 Qh5
16.Qe1 Qf7 17.Qe2 O-O 18.Be5 Bd7 19.Rae1 Rae8 20.Rf3 c5 21.Ndb5 Bc6 22.Rg3 Nh5
23.Rg4 Ra8 24.h3 a6 25.Nc7 Rac8 26.Ne4 Nf6 27.Nxf6+ Bxf6 28.Bxf6 Qxf6 29.Qxe6+ Kh8
30.Qxf6 gxf6 31.Re7 Rg8 32.Ne6 Rxg4 33.hxg4 Bxa4 34.c3 b6 35.Nf4 Kg8 36.Nd5 Rf8
37.Nxb6 Bb5 38.c4 Rb8 39.Re6 Be8 40.Rxf6 Kg7 41.g5 a5 42.Kh2 Rd8 43.Nd5 Ra8
44.Nb6 Rd8 45.Nd5 Rb8 46.Ne7 Rxb2 47.Nf5+ Kg8 48.Nh6+ Kg7 49.Nf5+ Kg8 50.Nh6+  1/2-1/2

[Event "Eu Team Ch"]
[Site "Batumi GEO"]
[Date "1999.12.04"]
[Round "5"]
[White "Manninen,M"]
[Black "Morrison,Ch"]
[Result "1-0"]
[WhiteElo "2426"]
[BlackElo "2148"]

1.e4 d6 2.d4 Nf6 3.Nc3 c6 4.f4 Qa5 5.Bd3 e5 6.Nf3 Bg4 7.Be3 Nbd7 8.O-O Be7
9.h3 Bh5 10.Ne2 Bxf3 11.Rxf3 d5 12.Bd2 Qb6 13.Qe1 a5 14.fxe5 Nxe5 15.Rf5 Nxd3
16.cxd3 g6 17.Rf4 Nh5 18.Rf3 O-O 19.Bc3 Ng7 20.exd5 cxd5 21.Nf4 Bf6 22.Nxd5 Bxd4+
23.Kh1 Qc5 24.Bxd4 Qxd4 25.Nf6+ Kh8 26.Qd2 Nh5 27.Nxh5 gxh5 28.Rf4 Qg7 29.d4 Rg8
30.Raf1 Rad8 31.d5 Rd7 32.Rf5 h6 33.Rxh5 Rd6 34.Rhf5 Rg6 35.g4 Rg5 36.Rxf7 Qe5
37.d6 Qe4+ 38.Qg2 Qc4 39.Qf3 R5g6 40.d7 Qxa2 41.Qc3+ R6g7 42.Qxg7+  1-0

[Event "FSIMA December"]
[Site "Budapest HUN"]
[Date "1999.12.05"]
[Round "2"]
[White "Khamatgaleev,A"]
[Black "Philippe,C"]
[Result "1-0"]
[WhiteElo "2435"]
[BlackElo "2260"]

1.e4 d6 2.d4 Nf6 3.Nc3 Nbd7 4.Nf3 e5 5.Bc4 Be7 6.O-O O-O 7.Re1 c6 8.a4 b6
9.d5 cxd5 10.Nxd5 Bb7 11.b3 Rc8 12.Re2 Nxd5 13.Bxd5 Bxd5 14.Qxd5 Nf6 15.Qd1 d5
16.exd5 e4 17.Ng5 Qxd5 18.Qxd5 Nxd5 19.Nxe4 f5 20.c4 Nb4 21.Bg5 Bd8 22.Bxd8 Rcxd8
23.Ng5 h6 24.Ne6 Rfe8 25.Kf1 Rd6 26.Nc7 Rxe2 27.Kxe2 Rd7 28.Nb5 a6 29.Na3 Nd3
30.g3 Nc5 31.b4 Nxa4 32.Nc2 Nc3+ 33.Ke3 Nd1+ 34.Ke2 Nc3+ 35.Kf3 Ne4 36.Ne3 Nd2+
37.Ke2 Ne4 38.Nxf5 Rf7 39.g4 Kh7 40.Rxa6 g6 41.Ng3 Nxf2 42.g5 Nh3 43.Rxb6 Re7+
44.Kd3 h5 45.Ne4  1-0

[Event "Eu Team Ch (women)"]
[Site "Batumi GEO"]
[Date "1999.12.06"]
[Round "8"]
[White "Velcheva,M"]
[Black "Nikoladze,S"]
[Result "1/2-1/2"]
[WhiteElo "2305"]
[BlackElo "2278"]

1.e4 d6 2.d4 Nf6 3.Nc3 Nbd7 4.Nf3 e5 5.Bc4 Be7 6.O-O O-O 7.a4 c6 8.Ba2 Qc7
9.Re1 b6 10.h3 Bb7 11.dxe5 dxe5 12.Nh4 Nc5 13.Nf5 Ne6 14.Qf3 Bb4 15.Nxg7 Nxg7
16.Qxf6 Be7 17.Qf3 Kh8 18.Rd1 f5 19.Bh6 Bc8 20.exf5 Bxf5 21.Ne4 Bh4 22.g3 Be7
23.h4 Rad8 24.Rxd8 Qxd8 25.Rd1 Qe8 26.Nd6 Qg6 27.Bxg7+ Kxg7 28.h5 Bg4 29.Qxf8+ Bxf8
30.hxg6 Bxd1 31.Nf7 hxg6 32.Nxe5 Bxc2 33.Nxc6 a5 34.Nd4 Bf5 35.Bc4 Bc5 36.Ne2 Bc2
37.b3 Kf6 38.Kg2 g5 39.f3 Ke5 40.f4+ Kf5 41.fxg5 Be4+ 42.Kh3 Kxg5 43.Be6 Bf3
44.Nf4 Be3 45.Nd3 Be2 46.Ne1 Bf2 47.Ng2 Bf1 48.Kh2 Bxg2 49.Kxg2 Bc5  1/2-1/2

[Event "FSIMA December"]
[Site "Budapest HUN"]
[Date "1999.12.10"]
[Round "7"]
[White "Jurkovic,A"]
[Black "Bognar,C"]
[Result "1-0"]
[WhiteElo "2339"]
[BlackElo "2237"]

1.e4 d6 2.d4 Nf6 3.Nc3 c6 4.f4 Nbd7 5.e5 Nd5 6.Nf3 e6 7.Bd3 Nb4 8.Be2 a5
9.O-O d5 10.a3 Na6 11.Bd3 Nb6 12.Ne2 c5 13.c3 c4 14.Bc2 g6 15.g4 h5 16.h3 Bd7
17.Ng3 hxg4 18.hxg4 Qc7 19.Ng5 Bc6 20.f5 gxf5 21.gxf5 f6 22.fxe6 O-O-O 23.Rxf6 Be7
24.Rf7 Rdg8 25.Bh7 Qd8 26.Bxg8 Rxg8 27.Qg4 Be8 28.Rxe7 Qxe7 29.Nf5 Qh7 30.Nd6+ Kd8
31.Nxh7 Rxg4+ 32.Kf2 Bg6 33.Kf3 Re4 34.Bg5+ Kc7 35.Nf6 Na4 36.Nxd5+ Kc6 37.Ne7+  1-0

[Event "FSIMA December"]
[Site "Budapest HUN"]
[Date "1999.12.11"]
[Round "8"]
[White "Hu Yi"]
[Black "Philippe,C"]
[Result "0-1"]
[WhiteElo "2375"]
[BlackElo "2260"]

1.e4 d6 2.d4 Nf6 3.Nc3 Nbd7 4.Nf3 e5 5.Bc4 Be7 6.O-O O-O 7.h3 c6 8.a4 b6
9.Qe2 a6 10.Rd1 Qc7 11.b3 Bb7 12.Bb2 b5 13.Bd3 Rfe8 14.dxe5 dxe5 15.Nb1 Bc5
16.Nbd2 Nh5 17.Nf1 Re6 18.Bc1 Nf4 19.Bxf4 exf4 20.Ng5 Rg6 21.h4 Ne5 22.Nh2 f3
23.Nhxf3 Nxf3+ 24.Qxf3 Rf6 25.Qh3 Bc8 26.Qh2 Bxf2+ 27.Kh1 Bg3 28.Qg1 Rh6  0-1

[Event "Vikings Masters"]
[Site "York ENG"]
[Date "1999.12.14"]
[Round "2"]
[White "Bates,Ri"]
[Black "Bree,T"]
[Result "1/2-1/2"]
[WhiteElo "2376"]
[BlackElo "2272"]

1.e4 d6 2.d4 Nf6 3.Nc3 c6 4.f4 Qa5 5.Bd3 e5 6.Nf3 Bg4 7.dxe5 dxe5 8.h3 Bxf3
9.Qxf3 Nbd7 10.f5 b5 11.Bd2 Qc7 12.a4 b4 13.Nd1 Nc5 14.Nf2 Rd8 15.O-O a5
16.Be3 Be7 17.Bc4 h6 18.b3 Nh7 19.Qh5 O-O 20.Rae1 Nd7 21.Ng4 Ndf6 22.Nxf6+ Nxf6
23.Qg6 Kh8 24.Bxf7 Nxe4 25.Bc4 Rf6 26.Qg4 Nc3 27.Bf2 Nd5 28.Qe4 Rdf8 29.Bg3 Bd6
30.Kh1 Nf4 31.Bxf4 exf4 32.Be6 Qb6 33.Rd1  1/2-1/2

[Event "Open"]
[Site "Padova ITA"]
[Date "1999.12.18"]
[Round "7"]
[White "Ulibin,M"]
[Black "De Santis,A"]
[Result "1-0"]
[WhiteElo "2562"]
[BlackElo "2352"]

1.e4 d6 2.d4 Nf6 3.Nc3 c6 4.f4 Qa5 5.Bd3 d5 6.e5 Ne4 7.Bxe4 dxe4 8.Qe2 Na6
9.Qxe4 g6 10.Nf3 Bf5 11.Qe2 Nb4 12.O-O Bxc2 13.e6 f6 14.a3 Bb3 15.Nd2 Bc2
16.Nc4 Qf5 17.Ne3 Bd3 18.Nxf5 Bxe2 19.Nxe2 Nc2 20.Ra2 gxf5 21.b3 O-O-O 22.Rxc2 Rd6
23.Bb2 Rxe6 24.d5 Rd6 25.dxc6 bxc6 26.Nd4 Kd7 27.Rfc1 Rg8 28.g3 Rg6 29.b4 e6
30.Nxc6 Bh6 31.Kf1 e5 32.Nxa7 exf4 33.Rc7+ Ke8 34.Rxh7 Rd7 35.Rc8+ Rd8 36.Rh8+ Bf8
37.Rxf8+ Kxf8 38.Rxd8+ Ke7 39.Nc6+ Ke6 40.gxf4  1-0

[Event "Young Masters"]
[Site "Groningen NED"]
[Date "1999.12.19"]
[Round "1"]
[White "Geurink,J"]
[Black "Van der Linde,M"]
[Result "1-0"]
[WhiteElo "2300"]
[BlackElo "2199"]

1.e4 d6 2.d4 Nf6 3.Nc3 c6 4.f4 Qa5 5.Bd3 e5 6.Nf3 Bg4 7.Be3 Nbd7 8.Qd2 Be7
9.O-O-O Bxf3 10.gxf3 Nh5 11.f5 Bf6 12.Be2 O-O-O 13.d5 Nc5 14.Kb1 Nf4 15.Bf1 g6
16.fxg6 hxg6 17.a3 Qc7 18.b4 Nd7 19.dxc6 bxc6 20.Qxd6 Qxd6 21.Rxd6 Kc7 22.Rd2 Ne6
23.Bc4 Nd4 24.Bxf7 Bg7 25.Ba2 Rh3 26.Bxd4 exd4 27.Ne2 Nb6  1-0

[Event "ch-ROM (women)"]
[Site "Lasi ROM"]
[Date "1999.12.19"]
[Round "5"]
[White "Ionica,I"]
[Black "Ionescu Brandis,I"]
[Result "1-0"]
[WhiteElo "2211"]
[BlackElo "2224"]

1.e4 d6 2.d4 Nf6 3.Nc3 e5 4.Nf3 Nbd7 5.h3 Be7 6.Be3 O-O 7.Bc4 c6 8.dxe5 dxe5
9.a4 Bb4 10.Nd2 Qa5 11.O-O Bxc3 12.bxc3 Qxc3 13.Rb1 Qa5 14.Bb3 Qc7 15.f4 b5
16.fxe5 Qxe5 17.Rf5 Qc3 18.Qe2 bxa4 19.Bxa4 Ne5 20.Rg5 Be6 21.Qf2 Rfd8 22.Rf1 Ng6
23.Rc5 Qa3 24.Bxc6 Rac8 25.Bd5 Rxc5 26.Bxc5 Qa6 27.c4 Ne5 28.Be7 Rc8 29.Qg3 Nfd7
30.Bf6 Ng6 31.Bd4 Qa2 32.Bxe6 fxe6 33.Qd6 Ndf8 34.Bc3 Qa4 35.Qd4 Qd7 36.Qf2 e5
37.Nf3 Qe7 38.Ra1 Rc7 39.Ra5 Nd7 40.Rxa7 Rxc4 41.Ra8+ Ndf8 42.Qa2 Qe6 43.Ng5 Qc6
44.Ra6 Qc5+ 45.Kh2 Nd7 46.Ra8+ Ngf8 47.Ne6 Qc6 48.Nxf8 Nxf8 49.Bb4 Qxa8 50.Qxa8 Rxb4
51.Qd5+  1-0

[Event "ch-RUS KO"]
[Site "Moscow RUS"]
[Date "1999.12.20"]
[Round "3.4"]
[White "Grischuk,A"]
[Black "Kharlov,A"]
[Result "1-0"]
[WhiteElo "2549"]
[BlackElo "2615"]

1.e4 d6 2.d4 Nf6 3.Nc3 Nbd7 4.g3 e5 5.Nge2 c6 6.a4 Be7 7.Bg2 O-O 8.O-O b6
9.h3 Bb7 10.Be3 a6 11.g4 b5 12.Ng3 b4 13.Nce2 d5 14.dxe5 Nxe5 15.Bd4 Ng6
16.e5 Nd7 17.f4 Nh4 18.Bh1 Nc5 19.f5 f6 20.e6 a5 21.Qe1 Ba6 22.Qf2 Qd6 23.b3 Ne4
24.Bxe4 dxe4 25.Nxe4 Qd5 26.N4g3 c5 27.Be3 Bb7 28.Rad1 Qc6 29.Rd7 Rfe8 30.Rfd1 Rac8
31.Nf4 Nf3+ 32.Kf1 Ne5 33.Nd5 Bf8 34.Nh5 Kh8 35.Nhxf6 Nxd7 36.Nxd7 Rcd8 37.Nf4 Bd6
38.Nh5 Qh1+ 39.Ke2 Qxh3 40.Rxd6 Qxg4+ 41.Kd2 Qxh5 42.f6 gxf6 43.Qxf6+ Kg8
44.Bh6 Re7 45.Qf7+ Kh8 46.Bg7+  1-0

[Event "Open"]
[Site "Padova ITA"]
[Date "1999.12.20"]
[Round "9"]
[White "Chatalbashev,B"]
[Black "Efimov,I"]
[Result "1/2-1/2"]
[WhiteElo "2524"]
[BlackElo "2445"]

1.d4 d6 2.e4 Nf6 3.Nc3 c6 4.f4 Qa5 5.Bd3 e5 6.Nf3 Bg4 7.Be3 Qb4 8.a3 Bxf3
9.gxf3 Qb6 10.Bc4 Nbd7 11.Qd2 Qc7 12.O-O-O Be7 13.Rhg1 g6 14.fxe5 dxe5 15.f4 Nb6
16.Ba2 exd4 17.Bxd4 Rd8 18.Qf2 Rxd4 19.Qxd4 Qxf4+ 20.Kb1 O-O 21.Rdf1 Qh4
22.Qe3 Nbd7 23.e5 Ng4 24.Rxg4 Qxg4 25.e6 Bg5 26.Qe4 Qh3 27.Rg1 Nf6 28.Qe5 h6
29.exf7+ Kg7 30.Be6 Qe3 31.Qxe3 Bxe3 32.Rf1 Bd4 33.Ne2 Be5 34.h3 Ne4 35.Rd1 Kf6
36.Bb3 Ke7 37.Ng1 Ng5 38.Re1 Kf6 39.Nf3 Nxf3 40.Rf1 g5 41.Rxf3+ Bf4 42.c3 h5
43.h4 Kf5 44.hxg5 Kxg5 45.Kc2 h4 46.Kd3 Kf5 47.Ke2 Ke5 48.Rf1  1/2-1/2

[Event "Young Masters"]
[Site "Groningen NED"]
[Date "1999.12.22"]
[Round "4"]
[White "Jonkman,H"]
[Black "Jonker,M"]
[Result "1-0"]
[WhiteElo "2421"]
[BlackElo "2335"]

1.e4 d6 2.d4 Nf6 3.Nc3 c6 4.f4 Qb6 5.Be2 e5 6.Nf3 Nbd7 7.O-O Be7 8.Kh1 O-O
9.a4 a5 10.Be3 Ng4 11.Bg1 exf4 12.Nd2 Ne3 13.Bxe3 fxe3 14.Nc4 Qa7 15.Bg4 Nf6
16.Bxc8 Raxc8 17.Nxe3 g6 18.Qd3 Nh5 19.Ng4 Bg5 20.g3 Qb6 21.Rf3 Ng7 22.b3 f5
23.exf5 Nxf5 24.Ne4 Be7 25.d5 Qd4 26.Nh6+ Kh8 27.Qxd4+ Nxd4 28.Rf7 Rxf7 29.Nxf7+ Kg7
30.Nfxd6 Rd8 31.c3 Bxd6 32.cxd4 cxd5 33.Nxd6 Rxd6 34.Rc1 b6 35.Kg2 Kf6 36.Kf3 Ke6
37.Rc7 Rd7 38.Rc6+ Rd6 39.Rc7 Rd7 40.Rxd7 Kxd7 41.Kf4 Ke6 42.Kg5 Kf7 43.Kh6 Kg8
44.h3 Kh8 45.h4 Kg8 46.h5 gxh5 47.Kxh5 Kf7 48.Kh6 Ke6 49.Kg5  1-0

[Event "ch-ROM"]
[Site "Lasi ROM"]
[Date "1999.12.24"]
[Round "12"]
[White "Vajda,L"]
[Black "Nanu,C"]
[Result "1-0"]
[WhiteElo "2462"]
[BlackElo "2397"]

1.e4 d6 2.d4 Nf6 3.Nc3 e5 4.Nf3 Nbd7 5.Bc4 Be7 6.O-O O-O 7.Re1 c6 8.a4 b6
9.Bg5 h6 10.Be3 a6 11.Nh4 exd4 12.Bxd4 c5 13.Bxf6 Nxf6 14.Ng6 Re8 15.e5 dxe5
16.Rxe5 Bd6 17.Rxe8+ Nxe8 18.Qf3 Ra7 19.Re1 Kh7 20.Bxf7 Nf6 21.Be6 Bxe6 22.Rxe6 Bxh2+
23.Kxh2 Kxg6 24.Nd5 Rd7 25.c4 Kf7 26.Rxb6 Rxd5 27.Rxf6+ gxf6 28.Qxd5+ Qxd5
29.cxd5 Ke7 30.Kg3 Kd6 31.Kf4 Kxd5 32.Kf5 Kc4 33.Kxf6 Kb3 34.Ke5 Kxa4 35.f4 Kb3
36.f5 a5 37.f6  1-0

[Event "8th Danube Open"]
[Site "Aschach AUT"]
[Date "1999.12.26"]
[Round "1"]
[White "Nussbaumer,Jos"]
[Black "Kiss,At"]
[Result "0-1"]
[WhiteElo "2109"]
[BlackElo "2314"]

1.e4 d6 2.d4 Nf6 3.Nc3 Nbd7 4.f4 e5 5.fxe5 dxe5 6.dxe5 Nxe5 7.Bg5 Qxd1+ 8.Rxd1 c6
9.Nf3 Nxf3+ 10.gxf3 Be6 11.f4 Be7 12.f5 Bc8 13.Be2 Nd7 14.Bf4 O-O 15.e5 Bh4+
16.Kf1 Re8 17.Ne4 Nxe5 18.Nd6 Re7 19.Bxe5 Rxe5 20.Nxc8 Rxf5+ 21.Kg2 Rf2+
22.Kh3 Rxe2 23.Kxh4 Rxc8 24.Rd7 b5 25.Rhd1 g6 26.R1d2 Rce8 27.c3 a5 28.R7d3 Kg7
29.Kg3 h5 30.Kf3 R8e3+ 31.Kf4 Rxd3 32.Rxe2 Kf6 33.Ke4 Rh3 34.Kd4 Rh4+ 35.Kc5 Rc4+
36.Kd6 g5 37.Re3 b4 38.cxb4 axb4 39.a3 bxa3 40.bxa3 g4 41.Re2 h4 42.Ra2 Ra4
43.Kxc6 Kg5 44.Kb5 Ra8 45.a4 f5 46.Rc2 g3 47.a5 f4 48.a6 f3 49.hxg3 hxg3
50.Rc5+ Kg4 51.Rc4+ Kh3 52.Rc7 g2 53.Rg7 f2 54.Rh7+ Kg3 55.Rg7+ Kh2  0-1

[Event "Open"]
[Site "Groningen NED"]
[Date "1999.12.28"]
[Round "9"]
[White "Shaw,J"]
[Black "Lorscheid,G"]
[Result "1-0"]
[WhiteElo "2410"]
[BlackElo "2329"]

1.e4 d6 2.d4 Nf6 3.Nc3 e5 4.Nf3 Nbd7 5.Bc4 Be7 6.O-O O-O 7.a4 c6 8.Ba2 b6
9.Qe2 a6 10.Rd1 Qc7 11.h3 Rb8 12.Bg5 b5 13.axb5 axb5 14.Qe3 exd4 15.Nxd4 Ne5
16.f4 Nc4 17.Bxc4 bxc4 18.e5 Ng4 19.hxg4 Bxg5 20.fxg5 dxe5 21.Nf5 Rb4 22.Ra7 Bb7
23.Na4 Ra8 24.Rb1  1-0

[Event "Challengers"]
[Site "Hastings ENG"]
[Date "1999.12.31"]
[Round "3"]
[White "Hebden,M"]
[Black "Parr,F"]
[Result "1-0"]
[WhiteElo "2510"]
[BlackElo "2123"]

1.d4 d6 2.e4 Nf6 3.Nc3 c6 4.Nf3 Bg4 5.h3 Bxf3 6.Qxf3 e6 7.Bd3 d5 8.e5 Nfd7
9.Ne2 c5 10.c3 Nc6 11.O-O Qb6 12.Rd1 g6 13.a3 Qb3 14.Re1 Bg7 15.Qe3 O-O 16.h4 Rae8
17.h5 f6 18.exf6 Nxf6 19.hxg6 e5 20.Bf5 cxd4 21.cxd4 Qxe3 22.Bxe3 e4 23.Rac1 hxg6
24.Bxg6 Rd8 25.Bf5 Ne8 26.Bh3 Nc7 27.Rc5 Rf7 28.Rec1 Bf8 29.R5c2 Bd6 30.Nc3 Kg7
31.Na4 Na5 32.Nc5 Kf6 33.b4 Bxc5 34.Rxc5  1-0

[Event "Agneaux St Lo op"]
[Site "Agneaux"]
[Date "1999.??.??"]
[Round "4"]
[White "Rate, Bruno"]
[Black "Olarasu, Gabriela"]
[Result "0-1"]
[WhiteElo "2045"]
[BlackElo "2330"]

1.e4 d6 2.d4 Nf6 3.Nc3 e5 4.dxe5 dxe5 5.Qxd8+ Kxd8 6.Nf3 Bd6 7.Bg5 Be6 8.O-O-O Ke7
9.Nd5+ Bxd5 10.exd5 h6 11.Bh4 Nd7 12.Bb5 g5 13.Bg3 a6 14.Bxd7 Nxd7 15.Rhe1 Kf6
16.Nd2 Rhe8 17.f3 Kg6 18.h4 f5 19.Bf2 Nf6 20.c4 b6 21.Kb1 e4 22.hxg5 hxg5
23.Bd4 Bg3 24.Re2 exf3 25.Rxe8 Rxe8 26.gxf3 Re2 27.Kc2 Nh5 28.b4 Nf4 29.d6 cxd6
30.Bxb6 d5 31.Kc3 dxc4 32.Kxc4 Be1 33.Nb1 g4 34.fxg4 fxg4 35.a4 g3 36.Nc3 Re6
37.Bc5 Nh3 38.Rd3 Bf2 39.b5 axb5+ 40.axb5 Kf7 41.Nd5 Re4+ 42.Kc3 Bxc5 43.Rxg3 Nf2
44.Rf3+ Ke6 45.Nf4+ Kd6 46.Nd3 Bd4+ 47.Kd2 Ng4 48.Nb4 Bb6 49.Nd3 Kd5 50.Kc3 Ba5+
51.Kb3 Ne3 52.Rf4 Re7 53.Nb4+ Bxb4 54.Kxb4 Nc2+ 55.Ka5 Nd4 56.Rh4 Re1 57.Rh5+ Kc4
58.Rh4 Kc5 59.Rh5+ Kd6 60.Kb6 Ne6 61.Rh6 Re5 62.Ka6 Kd5 63.Kb6 Kc4 64.Kc6 Nd4+
65.Kd6 Rd5+ 66.Kc7 Nxb5+  0-1

[Event "Agneaux St Lo op"]
[Site "Agneaux"]
[Date "1999.??.??"]
[Round "6"]
[White "Helie, Marc"]
[Black "Chalmeton, Guillaume"]
[Result "1-0"]
[WhiteElo "2150"]
[BlackElo "1970"]

1.e4 d6 2.d4 Nf6 3.Nc3 c6 4.Bg5 Nbd7 5.Qd2 e5 6.dxe5 dxe5 7.f3 b5 8.Nge2 Bc5
9.Ng3 Qb6 10.Nf5 g6 11.Nd6+ Ke7 12.O-O-O h6 13.Nxc8+  1-0

[Event "Agneaux St Lo op"]
[Site "Agneaux"]
[Date "1999.??.??"]
[Round "7"]
[White "Meszaros, Gyula"]
[Black "Belkhodja, Slim"]
[Result "1/2-1/2"]
[WhiteElo "2310"]
[BlackElo "2420"]

1.d4 d6 2.e4 Nf6 3.Nc3 Nbd7 4.f4 e5 5.Nf3 exd4 6.Qxd4 c6 7.Be3 Qb6 8.O-O-O Qxd4
9.Bxd4 Be7 10.e5 dxe5 11.fxe5 Nh5 12.Ne4 O-O 13.Nd6 Nb6 14.Bxb6 axb6 15.Nxc8 Rfxc8
16.Rd7 Kf8 17.Bc4 b5 18.Bb3 Rab8 19.g3 Rd8 20.Rxd8+ Rxd8 21.Rf1 c5 22.c3 g6
23.Rd1 Rb8 24.Kd2 Ng7 25.Ke3 Ne6 26.a3 Ke8 27.Bxe6 fxe6 28.Kf4 h6 29.h4 Ra8
30.h5 gxh5 31.Rh1 h4 32.Nxh4 Ra4+ 33.Kf3 b4 34.axb4 cxb4 35.Ng6 Bg5 36.Nf4 Ke7
37.cxb4 Rxb4 38.Rc1 Rb3+ 39.Kg4 Kf7 40.Rc7+ Be7 41.Rc2 Rb5 42.Rf2 Ke8 43.Nxe6 Rxe5
44.Ng7+ Kd7 45.Nf5 Bf8  1/2-1/2

[Event "Agneaux St Lo op"]
[Site "Agneaux"]
[Date "1999.??.??"]
[Round "7"]
[White "Martinet, Regis"]
[Black "Olarasu, Gabriela"]
[Result "0-1"]
[WhiteElo "1970"]
[BlackElo "2330"]

1.d4 d6 2.e4 Nf6 3.Nc3 e5 4.dxe5 dxe5 5.Qxd8+ Kxd8 6.Bg5 c6 7.O-O-O+ Ke7
8.Bc4 Be6 9.Bxe6 Kxe6 10.f3 Nbd7 11.Nge2 h6 12.Be3 Bc5 13.Bxc5 Nxc5 14.Rd2 Rad8
15.Rhd1 Rxd2 16.Kxd2 h5 17.h4 a5 18.Ke3 b5 19.Rd2 Nfd7 20.Nc1 f6 21.Nd3 g5
22.Nxc5+ Nxc5 23.hxg5 fxg5 24.Nd1 Ke7 25.b3 a4 26.Nf2 Ra8 27.Nd3 Nxd3 28.Kxd3 Rd8+
29.Ke3 Rg8 30.b4 h4 31.c4 bxc4 32.Rc2 g4 33.f4 exf4+ 34.Kxf4 g3 35.Rxc4 h3
36.Rxc6 hxg2 37.Rc1 Rc8 38.Rg1 Rc2 39.Kxg3 Rxa2 40.b5 Kd6 41.Kh2 Rf2 42.Rc1 a3
43.Rc6+ Kd7 44.Ra6 a2 45.e5 Rf1 46.e6+ Ke7  0-1

[Event "Alushta zt (Women)"]
[Site "Alushta"]
[Date "1999.??.??"]
[Round "?"]
[White "Zozulia, Anna"]
[Black "Semenova, Lidia K"]
[Result "1-0"]
[WhiteElo "2327"]
[BlackElo "2280"]

1.e4 d6 2.d4 Nf6 3.Nc3 c6 4.f4 b5 5.Bd3 Qb6 6.Nf3 Bg4 7.a4 b4 8.a5 Qb7 9.Ne2 c5
10.dxc5 dxc5 11.a6 Qc7 12.Ne5 Bd7 13.O-O e6 14.c3 Nc6 15.Nxd7 Nxd7 16.e5 Be7
17.Ng3 g6 18.Qg4 Rd8 19.Bc2 Qb6 20.Ne4 Ncb8 21.Qe2 Nc6 22.Be3 Qc7 23.Rfd1 O-O
24.Qf2 bxc3 25.bxc3 c4 26.Nd6 Bxd6 27.exd6 Qb8 28.Rab1 Qc8 29.Rb7 Nf6 30.Bxa7 Na5
31.Rdb1 Rxd6 32.Rb8 Qxa6 33.Rxf8+ Kxf8 34.Bc5 Kg8 35.Bxd6 Qxd6 36.Rd1 Qa6
37.h3 h5 38.Qc5 Nb7 39.Qc7 Nd5 40.Qe5 Kh7 41.Qxh5+ Kg8 42.Qe5 Qb6+ 43.Qd4 Qxd4+
44.Rxd4 Na5 45.Kf2 Nxc3 46.Rd8+ Kg7 47.Ra8 Nb7 48.Rc8 Nd6 49.Rc6 Ncb5 50.Ba4 Nc3
51.Bc2 Ncb5 52.Ke1 Kf6 53.Ba4 Nc3 54.Rxd6 Nxa4 55.Rc6 Nb2 56.Kd2 g5 57.fxg5+ Kxg5
58.Kc2 Nd3 59.Rxc4 Nf4 60.h4+ Kf5 61.g4+ Ke5 62.Kd2 Nd5 63.Ke2 Kf6 64.Kf3 Kg6
65.Ke4 Nf6+ 66.Ke5 Nd5 67.Rd4 Ne7 68.Rd7 Nc6+ 69.Kf4 Kg7 70.h5 Kf8 71.g5 Nb4
72.Ke5 Kg7 73.g6 Nc6+ 74.Ke4  1-0

[Event "Athens op"]
[Site "Athens"]
[Date "1999.??.??"]
[Round "4"]
[White "Cela, Altin"]
[Black "Poteas, Ioannis"]
[Result "1-0"]
[WhiteElo "2536"]
[BlackElo "2012"]

1.e4 c6 2.d4 d6 3.Nc3 Nf6 4.f4 Qa5 5.Nf3 Nxe4 6.Bd3 Nxc3 7.bxc3 Bf5 8.O-O Bxd3
9.Qxd3 Qa6 10.c4 Nd7 11.Rb1 Nf6 12.f5 b6 13.Bf4 Nh5 14.Bd2 Nf6 15.a4 g6 16.Rbe1 Bg7
17.Ng5 O-O 18.Rxe7 Rae8 19.Rc7 Rc8 20.Rxc8 Qxc8 21.c3 Qd7 22.Bf4 h6 23.Nf3 Nh5
24.Bd2 Qxf5 25.Qxf5 gxf5 26.Nh4 f4 27.Nf5 Rd8 28.Ne7+ Kh7 29.Nxc6 Rd7 30.Re1 Rc7
31.d5 Bf6 32.Re8 Kg6 33.Kf2 Kf5 34.Kf3 Be5 35.Re7 Rxe7 36.Nxe7+ Kf6 37.Nc8 Kf5
38.Nxa7 Nf6 39.Nc6 Nd7 40.Nd4+ Kg6 41.Bxf4 Bxf4 42.Kxf4 Ne5 43.Nf5 Nxc4 44.Ke4 Nd2+
45.Kf4 Nc4 46.g4 Kf6 47.Nxh6 Nb2 48.Nf5 Nxa4 49.Nxd6 Ke7 50.Ne4 b5 51.h4 Nb6
52.Ke5 Nd7+ 53.Kf5 Kf8 54.h5 Kg7 55.g5 Kh8 56.d6  1-0

[Event "AUT-chT 9900"]
[Site "Austria"]
[Date "1999.??.??"]
[Round "1.3"]
[White "Marciano, David"]
[Black "Maiwald, Jens Uwe"]
[Result "1/2-1/2"]
[WhiteElo "2533"]
[BlackElo "2507"]

1.e4 d6 2.d4 Nf6 3.Nc3 e5 4.dxe5 dxe5 5.Qxd8+ Kxd8 6.Bc4 Be6 7.Bxe6 fxe6
8.Be3 Bd6 9.f3 Nc6 10.O-O-O Ke7 11.Nh3 a6 12.Nf2 h6 13.Na4 Rhd8 14.Rd2 Bb4
15.Rxd8 Rxd8 16.Nc5 b6 17.Nxa6 Bd6 18.a3 Ra8 19.Nb4 Nxb4 20.axb4 Bxb4 21.Kb1 b5
22.Rc1 Nd7 23.c4 bxc4 24.Rxc4 Bd6 25.Nd3 Kd8 26.Rc3 Ke7 27.Bf2 Kf6 28.Rb3 Ra5
29.Be1 Ra7 30.Bf2 Ra8 31.Rb5 Ke7 32.h4 Kd8 33.Rb3 c6 34.h5 Kc7 35.Rc3 Nf6
36.Bg3 Ra5 37.Be1 Nxh5 38.Rxc6+ Kxc6 39.Bxa5 Nf4 40.Nxf4  1/2-1/2

[Event "AUT-chT 9900"]
[Site "Austria"]
[Date "1999.??.??"]
[Round "4.6"]
[White "Penz, Harald"]
[Black "Kleissl, Helmut"]
[Result "1/2-1/2"]
[WhiteElo "2403"]
[BlackElo "2279"]

1.e4 d6 2.d4 Nf6 3.Nc3 c6 4.f3 Qb6 5.Bc4 e5 6.Nge2 Be7 7.a4 a5 8.Be3 Qc7
9.Qd2 O-O 10.O-O-O Nbd7 11.Bb3 exd4 12.Nxd4 Nc5 13.Ba2 Re8 14.g4 Bf8 15.h4 Be6
16.Nxe6 fxe6 17.Qh2 Nfd7 18.Rhf1 Rab8 19.Bf4 Ne5 20.Bxe5 dxe5 21.Qe2 Qb6
22.Qc4 Qb4 23.Bb3 Rbd8 24.Rxd8 Rxd8 25.Rd1 Nxb3+ 26.cxb3 Qxc4 27.bxc4 Rxd1+
28.Kxd1 Kf7 29.Ke2 Be7 30.h5 Kf6 31.Na2 Kf7 32.Nc1 Kf6 33.Nd3 Bd6 34.Ke3 Kg5
35.Kf2 Kh4 36.Kg2 b6 37.Kh2 Kg5 38.Kg3 Kf6 39.Kf2 Be7 40.Ke3 Bd6 41.Kf2 Kg5
42.Kg3 Kf6 43.Kh4 h6 44.Kh3 Be7 45.Kg3 Bd6 46.Kh4 Be7 47.f4 exf4 48.e5+ Kf7+
49.Kh3 Bc5 50.Nxf4 Bd4 51.Nd3 Ke7 52.Kg3 Bc5 53.Kf4 Kd7 54.g5 Be7 55.gxh6 gxh6
56.Ke4 c5 57.b3 Bg5 58.Nf2 Bc1 59.Kf3 Bd2 60.Ne4 Bc1 61.Nf6+ Ke7 62.Kg4 Kd8
63.Kf3  1/2-1/2

[Event "Bad Woerishofen op"]
[Site "Bad Woerishofen"]
[Date "1999.??.??"]
[Round "3"]
[White "Dgebuadze, Alexandre"]
[Black "Deglmann, Ludwig"]
[Result "1/2-1/2"]
[WhiteElo "2541"]
[BlackElo "2346"]

1.e4 d6 2.d4 Nf6 3.Nc3 e5 4.Nge2 Nbd7 5.g3 Be7 6.Bg2 O-O 7.O-O c6 8.a4 b6
9.h3 a6 10.Be3 Qc7 11.g4 h6 12.f4 exf4 13.Bxf4 Re8 14.Ng3 Bb7 15.Nf5 Bf8
16.Qd2 c5 17.d5 Nh7 18.Ne2 Ne5 19.Neg3 Bc8 20.Qf2 Ra7 21.Ra3 Rb7 22.Rc3 Qd8
23.Ne2 b5 24.axb5 axb5 25.Rg3 Bxf5 26.exf5 b4 27.b3 Ra7 28.Re3 Nd7 29.Rxe8 Qxe8
30.Ng3 Nhf6 31.Qd2 Qa8 32.Qd1 Qd8 33.h4 Nh7 34.Ne4 Ndf6 35.Nd2 Ne8 36.Re1 Nc7
37.Ne4 Be7 38.g5 hxg5 39.hxg5 Nxg5 40.Qh5 Nxe4 41.Bxe4 Bf6 42.Kg2 Ne8 43.Rh1 Kf8
44.Bd3 Rb7 45.Qh8+ Ke7 46.Re1+ Be5 47.Bxe5 dxe5 48.Rxe5+ Kd7 49.f6 Nxf6 50.Bf5+ Kc7
51.Qxg7 Kb6 52.Qg5  1/2-1/2

[Event "Regionalliga SW9899"]
[Site "Bayern"]
[Date "1999.??.??"]
[Round "?"]
[White "Kampen, Hans"]
[Black "Schlinkmeier, Karsten"]
[Result "1-0"]
[WhiteElo "2015"]
[BlackElo "2085"]

1.e4 Nf6 2.Nc3 d6 3.d4 c6 4.f4 Bg4 5.Be2 Bxe2 6.Qxe2 e6 7.Nf3 Be7 8.O-O O-O
9.e5 Nfd7 10.Ne4 d5 11.Ng3 c5 12.c3 g6 13.f5 exf5 14.e6 Nb6 15.Bh6 f6 16.Bxf8 Qxf8
17.Nxf5 gxf5 18.Nh4 cxd4 19.Nxf5 Nc6 20.cxd4 Nc4 21.Qh5 Nd6 22.Nh6+ Kh8 23.Rf4 Nd8
24.Re1 Ne8 25.Rh4 Qg7 26.Nf5  1-0